| 000 | 00764nam a2200253 a 4500 | ||
|---|---|---|---|
| 001 | BRL_1199 | ||
| 005 | 20190320211059.0 | ||
| 008 | 271113s1957----ii-ae#####---#000-0#eng-# | ||
| 041 | _aeng | ||
| 044 | _aII | ||
| 050 | 4 |
_aDS486.S3 _b.A37 1957 |
|
| 100 | 1 |
_aAgrawala, Vasudeva Sharana _926089 |
|
| 245 | 1 | 0 |
_aSarnath _cBy V. S. Agrawala. |
| 250 | _a2a ed. | ||
| 260 |
_aKanpur _bJob Press Private Limited _c1957 |
||
| 300 |
_aiv, 27 p. _bil., planos _c21 cm. |
||
| 500 | _aAu1386 | ||
| 500 | _aEn la parte superior del título: ´ Department of Arqueology, India´ | ||
| 504 | _aBibliografía: p. 27 | ||
| 650 | 1 | 4 |
_aArqueología _xAntigüedades _zIndia _926090 |
| 651 | 4 |
_aSitio de Sarnath (India) _xAntigüedades _926091 |
|
| 902 | _aGRL | ||
| 942 |
_2lcc _cB |
||
| 999 |
_c10011 _d10011 |
||